Statistics for All Characters in The Rookie

Click here to take the quiz!

General Stats

  • This quiz has been taken 133 times
  • The average score is 13 of 40

Answer Stats

Answer% Correct
lucy chen
94%
tim bradford
93%
john nolan
87%
angela lopez
80%
jackson west
74%
wade grey
69%
nyla harper
66%
wesley evers
59%
talia bishop
48%
bailey nune
46%
aaron thorsen
40%
celina juarez
40%
tamara collins
40%
luna grey
37%
rosalind dyer
36%
zoe anderson
34%
percy west
30%
henry nolan
29%
isabel bradford
29%
doug stanton
20%
jessica russo
20%
nick armstrong
20%
oscar hutchinson
18%
caleb wright
17%
quigley smitty
17%
grace sawyer
16%
dominique gray
13%
ellroy
12%
sandra de la cruz
11%
nell forester
10%
patrice evers
10%
ben mcree
9%
rachel hall
9%
abril rodas
4%
cole midas
4%
evelyn nolan
4%
armando de leon
2%
cesar madrigal
2%
claire ivey
2%
silas march
2%

Score Distribution

Percentile by Number Answered

Percent of People with Each Score

Your Score History

You have not taken this quiz